• 首页
  • 本馆介绍
  • 公告通知
  • 最新文献
  • 馆藏检索
  • 电子资源
  • 读者导购
  • 参考咨询
  • 我的图书馆
  • 登录
  • 详细信息显示
  • 放入我的书架
  • 预约/预借图书
  • 作者相关作品
  • 分类相关作品
  • 丛书相关作品
  • 出版社相关作品

书目信息

  • 表格格式
  • 工作单格式
  • 卡片格式
题名:
古玉钩玄
    
 
作者: 柏德新 著
分册:  
出版信息: 北京   新华出版社  2017
页数: 273页
开本: 29cm
丛书名:
单 册:
中图分类: K876.82
科图分类:
主题词: 古玉器--中国--图录
电子资源:
ISBN: 978-7-5166-3795-1
000 00826nam0 2200229 450
001 012001005284
005 20141008133954.0
010    @a978-7-5166-3795-1@b精装@dCNY380.00
100    @a20180819d2017 em y0chiy50 ea
101 0  @achi
102    @aCN@b110000
105    @aa z 000yy
106    @ar
200 1  @a古玉钩玄@9gu yu gou xuan@f柏德新著
210    @a北京@c新华出版社@d2017
215    @a273页@c彩图@d29cm
330    @a书稿以图录方式,分别展示、介绍了新石器时代、夏商周、春秋战国汉代、唐宋辽金元明清及彩绘(漆绘)玉器。向读者展现了中华古玉的璀璨之美和玉文化的博大精深,以及各个时期的不同艺术风格,并为玉石爱好者提供了玉器收藏和鉴赏方面的知识。
606 0  @a古玉器@y中国@j图录
690    @aK876.82@v5
701  0 @a柏德新@9bo de xin@4著
801  0 @aCN@b上海新华@c20180901
905    @b1173443-4@dK876.82@e409@f2
    
    古玉钩玄/柏德新著.-北京:新华出版社,2017
    273页:彩图;29cm
    
    
    ISBN 978-7-5166-3795-1(精装):CNY380.00
    书稿以图录方式,分别展示、介绍了新石器时代、夏商周、春秋战国汉代、唐宋辽金元明清及彩绘(漆绘)玉器。向读者展现了中华古玉的璀璨之美和玉文化的博大精深,以及各个时期的不同艺术风格,并为玉石爱好者提供了玉器收藏和鉴赏方面的知识。
●
相关链接 在E读中查询图书 在五车中查询图书 在当当中查询图书 在豆瓣中查询图书


正题名:古玉钩玄     索取号:K876.82/409         预约/预借

序号 登录号 条形码 馆藏地/架位号 状态 备注
1 1173443   211734435   第二样本阅览室/ [索取号:K876.82/409] 在馆    
2 1173444   211734444   第二借阅区/ [索取号:K876.82/409] 在馆    
唐山师范学院图书馆 欢迎您!
大连网信软件有限公司© 版权所有